LEADER 01138nam--2200361---450- 001 990006032190203316 005 20150428112920.0 035 $a000603219 035 $aUSA01000603219 035 $a(ALEPH)000603219USA01 035 $a000603219 100 $a20150428d1952----km-y0itay50------ba 101 $aita 102 $aIT 105 $a||||||||001yy 200 1 $a<> tradizione archivistica di Montecassino$fTommaso Leccisotti 210 $aCittą del Vaticano$cBiblioteca Apostolica Vaticana$d1952 215 $a228-261 p.$d25 cm 225 2 $aStudi e testi$v165 300 $aEstratto da: Miscellanea archivistica Angelo Mercati 410 0$aStudi e testi$v165 606 0 $aArchivistica$yMontecassino$xStoria$2BNCF 676 $a025.171409 700 1$aLECCISOTTI,$bTommaso$0211263 801 0$aIT$bsalbc$gISBD 912 $a990006032190203316 951 $aFC.OE. 83$b136 FCil$cFC.OE.$d369773 959 $aBK 969 $aFCIL 979 $aGENEROSO$b90$c20150428$lUSA01$h1122 979 $aGENEROSO$b90$c20150428$lUSA01$h1129 996 $aTradizione archivistica di Montecassino$91075412 997 $aUNISA LEADER 04227nam 2200961 a 450 001 9910785434103321 005 20230725025708.0 010 $a1-282-91785-4 010 $a9786612917851 010 $a0-520-94733-9 024 7 $a10.1525/9780520947337 035 $a(CKB)2670000000060430 035 $a(EBL)613130 035 $a(OCoLC)699474579 035 $a(SSID)ssj0000440333 035 $a(PQKBManifestationID)11270984 035 $a(PQKBTitleCode)TC0000440333 035 $a(PQKBWorkID)10470670 035 $a(PQKB)11116817 035 $a(MiAaPQ)EBC613130 035 $a(DE-B1597)519224 035 $a(OCoLC)703168313 035 $a(DE-B1597)9780520947337 035 $a(Au-PeEL)EBL613130 035 $a(CaPaEBR)ebr10432602 035 $a(CaONFJC)MIL291785 035 $a(EXLCZ)992670000000060430 100 $a20100809d2011 uy p 101 0 $aeng 135 $aur||#|||||||| 181 $ctxt 182 $cc 183 $acr 200 10$aOf indigo and saffron$b[electronic resource] $enew and selected poems /$fMichael McClure ; edited and with an introduction by Leslie Scalapino 210 $aBerkeley, Calif. $cUniversity of California Press$dc2011 215 $a1 online resource (341 p.) 225 0 $aSimpson imprint in humanities. Of indigo and saffron 300 $aIncludes index. 311 0 $a0-520-26287-5 327 $tFront matter --$tContents --$tPreface --$tIntroduction: The instant is the giant lamp we throw / our shadows by --$tFrom Hymns to St. Geryon, 1959 --$tFrom A Fist Full, 1956-1957 --$tFrom Dark Brown, 1961 --$tFrom The New Book/A Book of Torture, 1961 --$tFrom Little Odes, 1961 --$tFrom Ghost Tantras, 1964 --$tFrom Star, 1970 --$tFrom Hail Thee Who Play, 1974 --$tFrom September Blackberries, 1974 --$tFrom Jaguar Skies, 1975 --$tFrom Fragments of Perseus, 1983 --$tFrom Rebel Lions, 1984 --$tFrom Simple Eyes & Other Poems, 1993 --$tstanzas From Dolphin Skull, 1995 --$tFrom Rain Mirror, 1999 --$tFrom Plum Stones: Cartoons of No Heaven, 2002 --$tCredits --$tIndex of Titles and First Lines 330 $aThis essential collection of Michael McClure's poetry contains the most original, radical, and visionary work of a major poet who has been garnering acclaim and generating controversy for more than fifty years. Ranging from A Fist Full, published in 1957, through Swirls in Asphalt, a new poem sequence, Of Indigo and Saffron is both an excellent introduction to this unique American voice and an impressive selection from McClure's landmark volumes for those already familiar with his boldly inventive work. One of the five poets who heralded the Beat movement in the 1955 Six Gallery reading in San Francisco, McClure reveals in his poetry a close kinship to Romanticism, Modernism, Surrealism, and Japanese haiku. These poems-grounded in imagination and a profound regard for the natural world-chart a poetic landscape of utter originality. 606 $aAmerican poetry 610 $a20th century poets. 610 $aamerican poets. 610 $aamerican. 610 $abeat movement. 610 $abeat poets. 610 $abeauty. 610 $abook club reads. 610 $acalifornia. 610 $acontroversial. 610 $aessential collection. 610 $afamous poets. 610 $ahumanity. 610 $aimaginative. 610 $aintroduction to poetry. 610 $ainventive. 610 $ajapanese haiku. 610 $amodernism. 610 $anatural world. 610 $anature poems. 610 $apoem sequence. 610 $apoems. 610 $apoetic landscape. 610 $apoetry collection. 610 $aradical poetry. 610 $aromantic poetry. 610 $aromanticism. 610 $asan francisco. 610 $asix gallery reading. 610 $asurrealist poetry. 610 $avisionary work. 615 0$aAmerican poetry. 676 $a811/.54 700 $aMcClure$b Michael$0759947 701 $aScalapino$b Leslie$01497580 801 0$bMiAaPQ 801 1$bMiAaPQ 801 2$bMiAaPQ 906 $aBOOK 912 $a9910785434103321 996 $aOf indigo and saffron$93722764 997 $aUNINA